| 000 | 00438nam a2200193Ia 4500 | ||
|---|---|---|---|
| 005 | 20240823034906.0 | ||
| 008 | 240823s9999||||xx |||||||||||||| ||und|| | ||
| 020 | _a978-0-00-730145-4 | ||
| 041 | _aENGLISH | ||
| 082 | _A823.914 Q0 | ||
| 100 | _aJosephine Cox | ||
| 245 | 0 | _aBlood Brothers | |
| 250 | _a1st | ||
| 260 |
_c2010 _bHarper Collins Publi |
||
| 500 | _aYES | ||
| 650 |
_aNovel _bEnglish |
||
| 942 | _cBK | ||
| 999 |
_c199378 _d199378 |
||